000 00402nam a22001697a 4500
005 20260509104056.0
008 160530b xxu||||| |||| 00| 0 eng d
020 _a978-81-7446-639-6
041 _aeng
082 _a659.14
100 _aKazmi. S.H.H & others
_91557
245 _aAdvertising & Sales Promotion
260 _bExcel Books
_c2009
300 _a645
650 _aManagement
942 _cBK
999 _c2197
_d2196